ბათუმის შოთა რუსთაველის სახელმწიფო უნივერსიტეტის ბიბლიოთეკა

Speech sound disorders : (ბიბ.ჩანაწერი № 58084)

000 -LEADER
fixed length control field 00861cam a2200229 i 4500
001 - CONTROL NUMBER
control field 20546292
005 - DATE AND TIME OF LATEST TRANSACTION
control field 20221105195844.0
008 - FIXED-LENGTH DATA ELEMENTS--GENERAL INFORMATION
fixed length control field 180615s2020 caua b 001 0 eng
020 ## - INTERNATIONAL STANDARD BOOK NUMBER
International Standard Book Number 9781635501100 1
041 ## - LANGUAGE CODE
Language code of text/sound track or separate title eng
080 ## - UNIVERSAL DECIMAL CLASSIFICATION NUMBER
Universal Decimal Classification number 616.89-008.434 B-65
100 1# - MAIN ENTRY--PERSONAL NAME
Personal name Bleile, Ken Mitchell
9 (RLIN) 12008
245 10 - TITLE STATEMENT
Title Speech sound disorders :
Remainder of title for class and clinic /
Statement of responsibility, etc. Ken M. Bleile, PhD.
250 ## - EDITION STATEMENT
Edition statement Fourth edition.
264 #1 - PRODUCTION, PUBLICATION, DISTRIBUTION, MANUFACTURE, AND COPYRIGHT NOTICE
Place of production, publication, distribution, manufacture San Diego, CA :
Name of producer, publisher, distributor, manufacturer Plural Publishing Inc.,
Date of production, publication, distribution, manufacture, or copyright notice 2020.
300 ## - PHYSICAL DESCRIPTION
Extent 398 pages :
Other physical details illustrations ;
Dimensions 26 cm.
653 ## - INDEX TERM--UNCONTROLLED
keyword Руководство по звуковым расстройствам речи
653 ## - INDEX TERM--UNCONTROLLED
keyword მეტყველების ხმის დარღვევების სახელმძღვანელო
653 ## - INDEX TERM--UNCONTROLLED
keyword მედიცინა
653 ## - INDEX TERM--UNCONTROLLED
keyword медицина
942 ## - ADDED ENTRY ELEMENTS (KOHA)
Source of classification or shelving scheme
Koha item type წიგნი
ეგზემპლარები
Withdrawn status Lost status Source of classification or shelving scheme Damaged status Not for loan Permanent Location Current Location Shelving location Date acquired Cost, normal purchase price Full call number Barcode Date last seen Copy number Price effective from Koha item type Public note
          ბათუმის შოთა რუსთაველის სახელმწიფო უნივერსიტეტის მთავარი ბიბლიოთეკა ბათუმის შოთა რუსთაველის სახელმწიფო უნივერსიტეტის მთავარი ბიბლიოთეკა წიგნსაცავი 2021-06-10 474.00 616.89-008.434 B-65 61367 2021-06-10 61367 2021-06-10 წიგნი 474 ლ.